01714cam a22002894a 450000100090000000300040000900500170001300800410003001000170007102000390008802000380012704000230016504200080018804300120019605000240020808200250023210000320025724501200028926000590040930000260046850400660049450506980056065000470125865000570130565000270136265100350138916027827OSt20200131105746.0091218s2010 cau b 001 0 eng c a 2009053222 a9780804770477 (cloth : alk. paper) a9780804770484 (pbk. : alk. paper) aCSt/DLCcoclcdDLC apcc an-us---00aLC212.42b.G57 201000a378.73089222bGIR/B aGiroux, Susan Searlsd1968-10aBetween Race and Reason :bViolence, intellectual responsibility, and the university to come /cSusan Searls Giroux aStanford, Calif. :bStanford University Press,cc2010. axii, 283 p. ;c24 cm. aIncludes bibliographical references (p. [263]-273) and index.0 aIntroduction : the university to come -- section I: Challenging three decades of colorblind racism. Notes on the afterlife of dreams : on the persistence of racism in post-civil rights America -- Playing in the dark : racial repression and the campus crusade for diversity -- The age of unreason : race and the drama of American anti-intellectualism -- section II: Theorizing race, state, and violence: the pedagogical imperative. Generation kill : Nietzschean meditations on the university, youth, war and guns -- Critique of racial violence : the theologico-political and educational commitment of Lewis R. Gordon -- Beyond the blindspot of race : Duboisian visions of America reconstructed. 0aRacism in higher educationzUnited States. 0aEducation, HigherxPolitical aspectszUnited States. 0aRacismzUnited States. 0aUnited StatesxRace relations.